000 00754nam a2200253 a 4500
003 AR-BaBNM
005 20251128202804.0
008 082120s2002 ||||||||||||||000 | spa||
040 _cAR-BaBNM
100 1 _aZabala, Rómulo
245 0 0 _aHistoria de la ciudad de Buenos Aires
_b1536-1718
_n1
260 _aBuenos Aires
_bMunicipalidad de la Ciudad de Buenos Aires
_c1936
300 _a455 p.
_bmapas, il., láms.
650 4 _aPERIODO HISPANICO
650 4 _aHISTORIA ECONOMICA
650 4 _aHISTORIA SOCIAL
650 4 _aHISTORIA DE LAS COSTUMBRES
650 4 _aCONQUISTA DEL RIO DE LA PLATA
650 4 _aGUERRAS CALCHAQUIES
650 4 _aINSTITUCIONES HISPANOAMERICANAS
700 1 _aGandía, Enrique de
942 _cBK
998 _cmariana
999 _c582
_d582